000
00233nam a22000857a 4500
008
160704b xxu||||| |||| 00| 0 eng d
100
_9
1930
_a
Dash, N
245
_a
Teaching of Home Science
260
_a
New Delhi
_b
Dominant Publication
_c
2004
999
_c
1632
_d
1632